000 005390000a22001810004500
020 _a958-14-0015-5
041 0 _aSPA
082 0 4 _aG 305.235 P263a
100 1 _aParra Sandoval, Rodrigo
245 1 0 _aAusencia de futuro : La juventud colombiana / Rodrigo Parra Sandoval, Bernardo Jaramillo, Olga Lucía González
260 _aBogotá, Colombia : Plaza y Janés
300 _a168 Pag
001 9412
942 _cBK
999 _c39429
_d39429
336 _atexto
_btxt
_2rdacontent
337 _2rdamedia
_asin mediación
_bn
338 _2rdacarrier
_avolumen
_bnc